Movies Quiz

Random Movies or Disney Quiz

Disney and Pixar Sand Structures Quiz Stats

 Plays Quiz Updated Jul 3, 2017

Support Sporcle.
Go Orange.
Score 0/18 Timer 03:00
5 Plays Today
% Correct
Dumbo
99.1%
Up
97.7%
Peter Pan
97.4%
Cars
96.4%
Beauty and the Beast
95.5%
Frozen
94.3%
A Bug's Life
94%
Finding Nemo
93.3%
The Lion King
92%
% Correct
The Little Mermaid
91.6%
The Incredibles
91%
Pinocchio
91%
The Many Adventures of Winnie the Pooh
90.8%
Monsters University
90.8%
Toy Story 2
90%
Aladdin
87.7%
Brave
87.3%
Zootopia
74.4%

You're not logged in!

Compare scores with friends on all Sporcle quizzes.
OR
Log In
Forgot?

From the Vault

This Movie Is Not Suitable for Children III

by Tolkienite

But you probably let your kids watch most of these movies anyway.
Remove Ads.
Support Sporcle.
Get the best of Sporcle when you Go Orange. This ad-free experience offers more features, more stats, and more fun while also helping to support Sporcle. Thank you for becoming a member.

Show Comments

Extras

Top Quizzes Today


Score Distribution

Your Account Isn't Verified!

In order to create a playlist on Sporcle, you need to verify the email address you used during registration. Go to your Sporcle Settings to finish the process.

Report this User

Report this user for behavior that violates our Community Guidelines.

Details: